| 000 -LEADER |
| fixed length control field |
02462nam a22004095i 4500 |
| 001 - CONTROL NUMBER |
| control field |
22230033 |
| 005 - DATE AND TIME OF LATEST TRANSACTION |
| control field |
20241101162123.0 |
| 008 - FIXED-LENGTH DATA ELEMENTS--GENERAL INFORMATION |
| fixed length control field |
210913s2021 cau 000 0 eng |
| 010 ## - LIBRARY OF CONGRESS CONTROL NUMBER |
| LC control number |
2021947037 |
| 020 ## - INTERNATIONAL STANDARD BOOK NUMBER |
| International Standard Book Number |
9780323857185 |
| Qualifying information |
(hardback) |
| 020 ## - INTERNATIONAL STANDARD BOOK NUMBER |
| Canceled/invalid ISBN |
9780323910538 |
| Qualifying information |
(epub) |
| 040 ## - CATALOGING SOURCE |
| Original cataloging agency |
DLC |
| Language of cataloging |
eng |
| Description conventions |
rda |
| Transcribing agency |
DLC |
| 042 ## - AUTHENTICATION CODE |
| Authentication code |
pcc |
| 082 ## - DEWEY DECIMAL CLASSIFICATION NUMBER |
| Classification number |
612.015 |
| Author Mark |
LIT |
| 100 1# - MAIN ENTRY--PERSONAL NAME |
| Personal name |
Litwack, Gerald, |
| Relator term |
author. |
| 9 (RLIN) |
126711 |
| 245 00 - TITLE STATEMENT |
| Title |
Human biochemistry / |
| Statement of responsibility, etc. |
Gerald Litwack, Ph.D., Los Angeles, CA, United States. |
| 250 ## - EDITION STATEMENT |
| Edition statement |
Second edition. |
| 263 ## - PROJECTED PUBLICATION DATE |
| Projected publication date |
2111 |
| 264 #1 - PRODUCTION, PUBLICATION, DISTRIBUTION, MANUFACTURE, AND COPYRIGHT NOTICE |
| Place of production, publication, distribution, manufacture |
San Diego, CA, United States : |
| Name of producer, publisher, distributor, manufacturer |
Elsevier, |
| Date of production, publication, distribution, manufacture, or copyright notice |
2022. |
| 300 ## - PHYSICAL DESCRIPTION |
| Extent |
xvii, 863 pages : |
| Other physical details |
illustrations (some color) ; |
| Dimensions |
29 cm |
| 336 ## - CONTENT TYPE |
| Content type term |
text |
| Content type code |
txt |
| Source |
rdacontent |
| 337 ## - MEDIA TYPE |
| Media type term |
unmediated |
| Media type code |
n |
| Source |
rdamedia |
| 338 ## - CARRIER TYPE |
| Carrier type term |
volume |
| Carrier type code |
nc |
| Source |
rdacarrier |
| 504 ## - BIBLIOGRAPHY, ETC. NOTE |
| Bibliography, etc. note |
Includes bibliographical references and index. |
| 505 0# - FORMATTED CONTENTS NOTE |
| Formatted contents note |
Organ systems and tissues -- The cell -- Water, pH, buffers, general features of receptors, channels and pumps -- Proteins -- Enzymes -- Insulin and sugars -- Glycogen and glycogenolysis -- Glycolysis and gluconeogensis -- Lipids -- Nucleic acids and molecular genetics -- Protein biosynthesis -- Transcription -- Metabolism of amino acids -- Metabolism of fat, carbohydrate and nucleic acids -- Polypeptide hormones -- Steroid hormones -- Growth factors and cytokines -- Membrane transport -- Micronutrients (metals and iodine) -- Vitamins and nutrition -- Blood and lymphatic system. |
| 520 ## - SUMMARY, ETC. |
| Summary, etc. |
"Presents an update on a past edition winner of the 2018 Most Promising New Textbook (College) Award (Texty) from the Textbook and Academic Authors Association and the PROSE Award of the Association of American Publishers Provides a fully updated resource on current research in human and medical biochemistry Includes clinical case studies, applications, chapter summaries and review-based questions Adopts a practice-based approach, reflecting the needs of both researchers and clinically oriented readers"-- |
| Assigning source |
Provided by publisher. |
| 650 #0 - SUBJECT ADDED ENTRY--TOPICAL TERM |
| Topical term or geographic name entry element |
Clinical biochemistry. |
| 9 (RLIN) |
3417 |
| 650 12 - SUBJECT ADDED ENTRY--TOPICAL TERM |
| Topical term or geographic name entry element |
Biochemical Phenomena. |
| 9 (RLIN) |
13936 |
| 650 22 - SUBJECT ADDED ENTRY--TOPICAL TERM |
| Topical term or geographic name entry element |
Biological Phenomena. |
| 9 (RLIN) |
126712 |
| 650 22 - SUBJECT ADDED ENTRY--TOPICAL TERM |
| Topical term or geographic name entry element |
Metabolism. |
| 9 (RLIN) |
13934 |
| 650 22 - SUBJECT ADDED ENTRY--TOPICAL TERM |
| Topical term or geographic name entry element |
Clinical Medicine. |
| 650 #7 - SUBJECT ADDED ENTRY--TOPICAL TERM |
| Topical term or geographic name entry element |
Clinical biochemistry. |
| 9 (RLIN) |
3417 |
| 906 ## - LOCAL DATA ELEMENT F, LDF (RLIN) |
| a |
0 |
| b |
ibc |
| c |
orignew |
| d |
2 |
| e |
epcn |
| f |
20 |
| g |
y-gencatlg |
| 942 ## - ADDED ENTRY ELEMENTS (KOHA) |
| Source of classification or shelving scheme |
|
| Koha item type |
Book |